Word Ladder: Martial Arts Quiz Stats

 Plays Quiz Updated May 20, 2017

Support Sporcle.
Go Orange.
Score 0/17 Timer 02:00
0 Plays Today
Clue 4-letter word % Correct
Chinese martial art ____ FuKUNG
95%
As ____ on TVSEEN
94.2%
Figure skater MichelleKWAN
88.1%
Popular boy name in IrelandSEAN
88%
The young of this bird are called cygnetsSWAN
81.7%
Korean martial art Tae ____ DoKWON
79.2%
Carole who sang 'It's Too Late'KING
78.4%
What a tumbleweed scattersSEED
75.7%
One of the steps of this quizRUNG
75.6%
Clue 4-letter word % Correct
Japanese martial artJUDO
71.6%
Abrasive and insultingRUDE
71.6%
BenevolentKIND
70.8%
DispatchSEND
69.4%
Fruit coveringRIND
66.8%
Penultimate book of the New TestamentJUDE
66.3%
Viking inscriptionRUNE
63.7%
Rip apartREND
58.8%

Today's Daily Dose

Missing Word
'Y-Z' Pairs

Quick Pick
MCU Directors

You're not logged in!

Compare scores with friends on all Sporcle quizzes.
OR
Log In
Forgot?

From the Vault

Pokémon Word Matching

by sproutcm

Gotta match 'em all!
Remove Ads.
Support Sporcle.
Get the best of Sporcle when you Go Orange. This ad-free experience offers more features, more stats, and more fun while also helping to support Sporcle. Thank you for becoming a member.

Show Comments

Extras

Top Quizzes Today


Score Distribution

Your Account Isn't Verified!

In order to create a playlist on Sporcle, you need to verify the email address you used during registration. Go to your Sporcle Settings to finish the process.

Report this User

Report this user for behavior that violates our Community Guidelines.

Details: